000 02033cam a2200301 4500
001 ##L133622
002 ##9948
008 060524n2006 000 0 eng u
020 _a0728204789
035 _a(Sirsi) u133622
041 0 _aeng
050 0 4 _a346.4104343 $2 18
100 1 _aFreedman, Phillip
245 0 0 _aBusiness lease renewals
_bthe new law and practice
260 _aLondon
_bEG Books
_c2006
300 _axviii, 215p.
_c25cm
350 _a38
505 0 _aOverview of the Act -- Tenancies to which the Act applies -- Contracting out -- Continuation and termination of tenancies -- Preliminary matters -- Landlord's s25 notices -- Tenant's s26 requests -- Landlord's opposition to renewal -- Dealing with subtenants -- Court applications and procedure -- Interim rent -- The new tenancy -- Agreements and court orders for new tenancies -- Compensation for non-renewal --Compensation for improvements -- Glossary. Appendices containing the Landlord and Tenant Act 1954 Part II showing amendments, and Scheds 1-4 of the Regulatory Reform (Business Tenancies) (England and Wales) Order 2003.
520 _aAll property professionals who deal with commercial property need to have a thorough knowledge of the Landlord and Tenant Act 1954 Part II which governs the rights of business tenants to obtain renewals of their leases. The Act was radically amended by a Regulatory Reform Order as from 1 June 2004. Gives a clear explanation of the workings of the Act while the old law is included for those situations where it may still be relevant. Provides detailed guidance on practice.
590 _aIKA040706
650 2 4 _aLANDLORD AND TENANT ACT 1954 PART II
650 2 4 _aREGULATORY REFORM (BUSINESS TENANCIES) (ENGLAND AND WALES) ORDER 2003
651 4 _aEngland and Wales
_y1543-
690 _aPROPERTY-COMMERCIAL PROPERTY-LEASEHOLD COMMERCIAL PROPERTY-COMMERCIAL LANDLORD AND TENANT-COMMERCIAL LEASES-COMMERCIAL LEASE RENEWAL
700 1 _aShapiro, Eric F.
700 1 _aSteele, Kevin
942 _n0
999 _c105437
_d105437